| 000 | 00745nam a22002297a 4500 | ||
|---|---|---|---|
| 999 |
_c14590 _d14590 |
||
| 003 | AR-CdUCM | ||
| 008 | 190409b ||||| |||| 00| 0 spa d | ||
| 020 | _a978-607-16-0459-0 | ||
| 040 |
_aMUNICIPALIDAD PROVINCIAL DEL CUSCO _cBIBLIOTECA MUNICIPAL DEL CUSCO |
||
| 082 |
_aPI / 808.06 / _bK24 |
||
| 100 |
_aKasparavicius, Kestutis _933178 |
||
| 245 | _aZanaforius el grande / | ||
| 260 |
_aMéxico : _bFondo de cultura económica, _c2011. |
||
| 300 |
_c24 cm. _a58 páginas ; |
||
| 440 |
_a25 años a la orilla del viento. _933410 |
||
| 505 | _aContenido :Zanaforius el grande ... | ||
| 650 |
_aCuentos _9217 |
||
| 650 |
_aHistorias _92725 |
||
| 700 |
_aSantos Cuesta, Margarita _933429 |
||
| 942 |
_2ddc _cLIBROS |
||
| 945 |
_arum _d2019-04-23 |
||